000 00625nam a2200217Ii 4500
001 185
003 CO-ViMGA
008 241108s9999||||xx |||||||||||||| ||und||
020 _a9681642007
040 _aCO-ViMGA
_bspa
_erda
_cCO-ViMGA
041 0 _aspa
084 _aA ALE2
100 1 _aMartha Alexander
_950379
245 1 0 _aLa bota de Lalo
264 1 _a[Lugar de publicación no identificado] : Fondo de Cultura Económica, 1999
300 _avolumen
336 _atext
_btxt
_2rdacontent
337 _aunmediated
_bn
_2rdamedia
338 _avolume
_bnc
_2rdacarrier
940 _aidficha_siabuc: 177. -- ficha_no_siabuc:185
999 _c45062
_d45062